MARC details
| 000 -LEADER |
| fixed length control field |
00986 a2200313 4500 |
| 001 - CONTROL NUMBER |
| control field |
200128834 |
| 003 - CONTROL NUMBER IDENTIFIER |
| control field |
TR-AnTOB |
| 005 - DATE AND TIME OF LATEST TRANSACTION |
| control field |
20231130120323.0 |
| 008 - FIXED-LENGTH DATA ELEMENTS--GENERAL INFORMATION |
| fixed length control field |
160422s2005 tu 000 0 |
| 040 ## - CATALOGING SOURCE |
| Original cataloging agency |
TR-AnTOB |
| Language of cataloging |
eng |
| Description conventions |
rda |
| Transcribing agency |
TR-AnTOB |
| 041 0# - LANGUAGE CODE |
| Language code of text/sound track or separate title |
Türkçe |
| 050 00 - LIBRARY OF CONGRESS CALL NUMBER |
| Classification number |
ND873.B353 |
| Item number |
B86 2005 |
| 090 ## - LOCALLY ASSIGNED LC-TYPE CALL NUMBER (OCLC); LOCAL CALL NUMBER (RLIN) |
| Classification number (OCLC) (R) ; Classification number, CALL (RLIN) (NR) |
ND873.B353 |
| Local cutter number (OCLC) ; Book number/undivided call number, CALL (RLIN) |
B86 2005 |
| 100 1# - MAIN ENTRY--PERSONAL NAME |
| Personal name |
Balamir, Bünyamin, |
| Dates associated with a name |
1953- |
| 9 (RLIN) |
72592 |
| 245 10 - TITLE STATEMENT |
| Title |
Bünyamin Balamir : |
| Remainder of title |
sergi kataloğu, 06-26 Nisan 2005. |
| 264 #1 - PRODUCTION, PUBLICATION, DISTRIBUTION, MANUFACTURE, AND COPYRIGHT NOTICE |
| Place of production, publication, distribution, manufacture |
Ankara : |
| Name of producer, publisher, distributor, manufacturer |
Galeri Soyut, |
| Date of production, publication, distribution, manufacture, or copyright notice |
2005. |
| 300 ## - PHYSICAL DESCRIPTION |
| Extent |
44 sayfa : |
| Other physical details |
resim ; |
| Dimensions |
30 cm. |
| 336 ## - CONTENT TYPE |
| Content type term |
text |
| Source |
rdacontent |
| Content type code |
txt |
| 337 ## - MEDIA TYPE |
| Media type term |
unmediated |
| Source |
rdamedia |
| Media type code |
n |
| 338 ## - CARRIER TYPE |
| Carrier type term |
volume |
| Source |
rdacarrier |
| Carrier type code |
nc |
| 650 00 - SUBJECT ADDED ENTRY--TOPICAL TERM |
| Topical term or geographic name entry element |
Photography |
| Geographic subdivision |
Turkey |
| Form subdivision |
Exhibitions |
| 9 (RLIN) |
83562 |
|
| Topical term or geographic name entry element |
Resim |
| Form subdivision |
Sergiler |
| Source of heading or term |
etuturkob |
| 9 (RLIN) |
37620 |
|
| Topical term or geographic name entry element |
Painters, Turkish |
| 9 (RLIN) |
87566 |
|
| Topical term or geographic name entry element |
Ressamlar, Türk |
| 9 (RLIN) |
87564 |
|
| Topical term or geographic name entry element |
Resim, Türk |
| Source of heading or term |
etuturkob |
| 9 (RLIN) |
60941 |
|
| Topical term or geographic name entry element |
Painting, Turkish |
| 9 (RLIN) |
18990 |
| 942 ## - ADDED ENTRY ELEMENTS (KOHA) |
| Koha item type |
Book |
| Source of classification or shelving scheme |
Library of Congress Classification |